Systems analysis in forest resources : proceedings of the eight symposium, Sept. 27-30, 2000, Snowmass Village, Colorado

Bibliographic Details
Other Authors: Arthaud, Greg J, Barrett, Tara M
Format: Book
Published: Boston Mass: London : Kluwer Aacademic Publishers , 2003
Series:Managing forest ecosystems v.7
Subjects:

MARC

LEADER 00000cam a2200000 7i4500
001 0000003805
005 20110706.0
020 0 0 |a 140201256X 
090 0 0 |a 634.9015118   |b GREG 2003 
245 0 0 |a Systems analysis in forest resources :   |b proceedings of the eight symposium, Sept. 27-30, 2000, Snowmass Village, Colorado   |c edited by Greg J Arthaud & Tara M. Barrett 
260 0 0 |a Boston Mass: London :   |b Kluwer Aacademic Publishers ,   |c 2003 
300 |a vii, 326 p. :   |b ill., maps ;   |c 25cm. 
490 0 1 |a Managing forest ecosystems   |v v.7 
650 0 0 |a Forest ecology   |x Mathematical models   |x Congresses 
650 0 0 |a Forests and forestry   |x Mathematical models   |x Congresses 
650 0 0 |a System analysis   |x Congresses 
700 0 1 |a Arthaud, Greg J 
700 0 1 |a Barrett, Tara M 
998 |a JPSM 
999 |a 007405   |b Monograph   |c Open Shelf   |e Default branch